书目信息 |
| 题名: |
谚语新编
|
|
| 作者: | 汪治 编 | |
| 分册: | ||
| 出版信息: | 广州 广东人民出版社 1982 |
|
| 页数: | 191页 | |
| 开本: | 18cm | |
| 丛书名: | ||
| 单 册: | ||
| 中图分类: | I277.7 | |
| 科图分类: | ||
| 主题词: | 民间文学--中国 | |
| 电子资源: | ||
| ISBN: | ||
| 000 | 00500nam0 2200193 450 | |
| 001 | 0631303421 | |
| 005 | 20060914084253.21 | |
| 010 | @dCNY0.56 | |
| 100 | @a20060914d1982 km y0chiy0120 ea | |
| 101 | 0 | @achi |
| 102 | @aCN@b440000 | |
| 200 | 1 | @a谚语新编@Ayan yu xin bian@f汪治编@Fwang zhi bian |
| 210 | @a广州@c广东人民出版社@d1982 | |
| 215 | @a191页@d18cm | |
| 606 | 0 | @a民间文学@x中国 |
| 690 | @aI277.7@v3 | |
| 701 | 0 | @a汪治@Awang zhi@4编 |
| 801 | 0 | @aCN@bPFT@c20060914 |
| 905 | @a10447@dI277.7@e159 | |
| 谚语新编/汪治编.-广州:广东人民出版社,1982 |
| 191页;18cm |
| ISBN :CNY0.56 |
| ● |
| 相关链接 |
|
|
|
|
正题名:谚语新编
索取号:I277.7/159
 
预约/预借
| 序号 | 登录号 | 条形码 | 馆藏地/架位号 | 状态 | 备注 |
| 1 | 0472529 | 204725299 | 密集书库/ [索取号:I277.7/159] | 在馆 | |
| 2 | 0474368 | 204743689 | 密集书库/ [索取号:I277.7/159] | 在馆 |